Los grandes gatos /

Guardado en:
Autor Corporativo: National Geographic.
Formato: Deslizar
Series:Los especiales de la National Geographic
Materias:
Etiquetas: Agregar Etiqueta
Sin Etiquetas, Sea el primero en etiquetar este registro!
LEADER 01007ngm a22003015g 4500
001 CEM.cems021383
008 130507b1992##################0###0#####d
005 20240819203708.0
245 0 0 |a Los grandes gatos /  |c National Geographic. 
300 |a 49 
490 0 |a Los especiales de la National Geographic 
500 |a En soporte VHS, consultar en ventanilla. 
505 0 |a Ubicación geográfica de los felinos. Tigres siberianos. Pumas. Métodos de cacería. Leones asiáticos. Jaguares de Amazonas. 
538 |a Soporte: VHS - Norma: Pal N - Color - Grabación Drd 1992 - Hitachi=0000 
110 2 |a National Geographic. 
082 5 9 |. 5/NAT-1 
653 |a ZOOLOGIA 
653 |a ECOLOGIA 
653 |a COMPORTAMIENTO ANIMAL 
653 |a FELINOS 
653 |a TIGRES 
653 |a PUMAS 
653 |a LEONES 
653 |a JAGUARES 
653 |a ANIMALES 
653 |a NIVEL PRIMARIO 
653 |a NIVEL SECUNDARIO 
859 |a CEMS  |b BIB. CEMS - Depto. Recursos Didacticos  |h 591.5  |i NAT-1  |k DRD  |p 26.12  |t Ej.1